The curious casebook of inspector hanshichi (Бичлэгийн дугаар. 260273)
[ энгийн харах ]
| 000 -Удирдлага | |
|---|---|
| Ном зүйн бүртгэл тоо буюу кодлох утгыг агуулсан | 00422nam a2200145Ia 4500 |
| 008 - ЕРӨНХИЙ МЭДЭЭЛЭЛ-ЭЛЕМЕНТҮҮДИЙН ӨГӨГДЛИЙН УРТ | |
| fixed length control field | 200518s9999||||xx |||||||||||||| ||und|| |
| 020 ## - ОЛОН УЛСЫН СТАНДАРТ НОМЫН ДУГААР-ISBN | |
| Олон Улсын Стандарт Номын Дугаар | 978-0-8248-3053-3 |
| 084 ## - БУСАД АНГИЛЛЫН ДУГААР | |
| Анги | 84(5Япо)-44 |
| Зохиогчийн 3-н тэмдэгт | К 43 |
| Ангиллын нэр | Номын сан номзүйн ангилал |
| 100 ## - ЗОХИОГЧИЙН ХЭСЭГ | |
| Зохиогчийн нэр | Kido O. |
| 245 #4 - ҮНДСЭН ГАРЧИГ | |
| Гарчиг | The curious casebook of inspector hanshichi |
| Гарчигт хамааралтай мэдээ | Detective Stories of old Edo |
| 260 ## - ГАРАЛТЫН ТУХАЙ МЭДЭЭ | |
| Хэвлэгдсэн он | 2007 |
| Хэвлэгдсэн газар | USA |
| Хэвлэлийн газар | University of Hawai'i Press |
| 300 ## - ТООНЫ МЭДЭЭ | |
| Хуудасны тоо | 335 |
| 546 ## - ХЭЛНИЙ ТУХАЙ МЭДЭЭ | |
| Хэл | |
| 942 ## - ЭЛЕМЕНТИЙН ТӨРӨЛ | |
| Төрөл | Ном |
| Буцаан татагдсан төлөв | Хасагдсан шалтгаан | Гэмтсэн төлөв | Данс заагч | Захиалах боломжгүй | Үндсэн номын сан | Одоогийн байршил | Салбар танхим | Сан хөмрөг 5 | Бүртгэсэн огноо | Бүрдүүлэлтийн эх үүсвэр | Тавиурын заалт | Баркод | Үнэ | Хамгийн сүүлд байсан огноо | Нийт уншлаганд гарсан тоо | Төрөл |
|---|---|---|---|---|---|---|---|---|---|---|---|---|---|---|---|---|
| МУҮНомын сан салбар | МУҮНомын сан салбар | МУҮНС салбар | Өрнө дахин В1 давхар | МУҮНС салбар | Өрнө дахин В1 давхар | 2021-07-20 | Худалдан авсан | 159544 | 005020159544 | 9000.00 | 2021-07-20 | Ном |